000 00283nam a2200109Ia 4500
008 221009s9999 xx 000 0 und d
082 _a170/BAN
100 _aBandyopadhyay,Tirthanath
_981328
245 0 _aKantian Ethics A Brief Introduction
260 _bEbang Mushayera
942 _cBK
999 _c64901
_d64901